000 00451nam a2200181Ia 4500
001 63585
008 150109s9999 xx 000 0 und d
020 _a9789332517172
040 _cPK-LaUMT
082 _a 306
_bSTO-C
100 _aStorey, John
245 _aCultural theory and popular culture
_ban introduction
_cStorey, John
250 _a6th
260 _aNew Delhi,India:
_bPearson,
_c2014
300 _a275 p.
546 _aEN
942 _cBK
999 _c64239
_d64239